000 00389pam a2200145a 44500
008 230405s xxu||||| |||| 00| 0 eng d
041 _aENG
100 _aWHO
245 _aEVALUATION OF CERTAIN FOOD ADDITIVES AND CONTAMINANTS TRS 961
250 _a35 1999
260 _aGENEVA
_bWORLD HEALTH ORGANIZATION PUBLICATION GENEVA
_c
300 _a107
650 _aPHARMACEUTICS
906 _a958
999 _c276229
_d276229